The prison letters of Nelson Mandela / (Record no. 601090)

000 -LEADER
fixed length control field 00356nam a2200121Ia 4500
008 - FIXED-LENGTH DATA ELEMENTS--GENERAL INFORMATION
fixed length control field 230907s9999||||xx |||||||||||||| ||und||
082 ## - DEWEY DECIMAL CLASSIFICATION NUMBER
Classification number 968.06092
Author Mark PRI
100 ## - MAIN ENTRY--PERSONAL NAME
Personal name Mandela, Nelson,
9 (RLIN) 9193
245 #4 - TITLE STATEMENT
Title The prison letters of Nelson Mandela /
300 ## - PHYSICAL DESCRIPTION
Extent xv, 620 pages, 8 unnumbered pages of plates :
650 ## - SUBJECT ADDED ENTRY--TOPICAL TERM
Topical term or geographic name entry element Correspondence.
9 (RLIN) 116114
942 ## - ADDED ENTRY ELEMENTS (KOHA)
Koha item type Book
Holdings
Withdrawn status Lost status Damaged status Not for loan Permanent Location Current Location Date acquired Total Checkouts Full call number Barcode Date last seen Price effective from Koha item type
        US-Pakistan Center for Advanced Studies in Energy (USPCAS-E) US-Pakistan Center for Advanced Studies in Energy (USPCAS-E) 11/19/2019   968.06092 PRI CAS-E0005189 09/12/2023 09/12/2023 Book
© 2023 Central Library, National University of Sciences and Technology. All Rights Reserved.